000 00355nam a2200133Ia 4500
005 20260326235452.0
008 260326s9999||||xx |||||||||||||| ||und||
100 _aCovo Torres, Javier
245 0 _aLa Casa Colonial cartagenera /
_cJavier Covo Torres
260 _bEl Áncora Editores
300 _a113 p.
650 _aARQUITECTURA COLONIAL
942 _cBK
999 _c7793
_d7793